[Event "Abkhasian Open"]
[Site "Sukhumi GEO"]
[Date "2008.08.08"]
[Round "6"]
[White "Barsamian,E"]
[Black "Zukhba,D"]
[Result "1-0"]
[WhiteElo "2137"]
[BlackElo "2118"]

1.d4 Nf6 2.c4 g6 3.Nc3 d5 4.cxd5 Nxd5 5.e4 Nxc3 6.bxc3 Bg7 7.Nf3 c5 8.Rb1 Nc6
9.d5 Bxc3+ 10.Bd2 Bxd2+ 11.Qxd2 Nd4 12.Nxd4 cxd4 13.Qxd4 Qa5+ 14.Qd2 Qxd2+
15.Kxd2 O-O 16.Bc4 Rd8 17.Kc3 b6 18.Rhd1 Bb7 19.Kd4 Rac8 20.Bb3 Rc5 21.Rbc1 Rdc8
22.Rxc5 Rxc5 23.f4 a5 24.Bc4 e6 25.Rb1 exd5 26.exd5 Bc8 27.Rxb6 Rc7 28.Rc6 Rxc6
29.dxc6 Kf8 30.Kc5 Ke7 31.Kb6 Kd6 32.Bxf7 a4 33.a3  1-0

[Event "ch-Euro Seniors"]
[Site "Davos SUI"]
[Date "2008.08.09"]
[Round "1"]
[White "Muratoglu,S"]
[Black "Tseitlin,Ma"]
[Result "0-1"]
[WhiteElo "2099"]
[BlackElo "2438"]

1.d4 Nf6 2.c4 g6 3.Nc3 d5 4.cxd5 Nxd5 5.e4 Nxc3 6.bxc3 Bg7 7.Be3 c5 8.Bc4 Qa5
9.Qd2 Nc6 10.Rd1 O-O 11.Ne2 Bd7 12.O-O cxd4 13.cxd4 Rfc8 14.Qxa5 Nxa5 15.Bd3 Nc4
16.Rb1 b5 17.Rfc1 Nxe3 18.fxe3 a6 19.Kf2 e5 20.d5 Bf8 21.Rxc8 Rxc8 22.Rb3 b4
23.Ke1 a5 24.Kd2 a4 25.Rb1 Bc5 26.Nc1 Kf8 27.Ba6 Rb8 28.Bc4 Bd6 29.Bd3 Ke7
30.Ne2 Bc5 31.Ng3 f6 32.Bc4 Rc8 33.Bd3 Bb6 34.Ne2 Ba5 35.Kd1 Kd6 36.h3 f5
37.Ng3 Rc3 38.Ke2 Ra3 39.Rb2 b3 40.axb3 axb3 41.Bc4 Bb5 42.Kd3 Ra2  0-1

[Event "Najdorf Memorial Open"]
[Site "Warsaw POL"]
[Date "2008.08.10"]
[Round "9"]
[White "Plichta,K"]
[Black "Krasenkova,I"]
[Result "0-1"]
[WhiteElo "2014"]
[BlackElo "2171"]

1.d4 Nf6 2.c4 g6 3.Nc3 d5 4.cxd5 Nxd5 5.e4 Nxc3 6.bxc3 Bg7 7.Nf3 c5 8.Rb1 O-O
9.Be2 cxd4 10.cxd4 Qa5+ 11.Bd2 Qxa2 12.O-O Nd7 13.Re1 Nb6 14.Bg5 Bd7 15.Qd3 f6
16.Bd2 f5 17.e5 Bc6 18.Ra1 Qd5 19.Bd1 e6 20.Bb3 Qd7 21.Bb4 Rfd8 22.Nd2 Nd5
23.Bd6 b5 24.Bxd5 Bxd5 25.Ra5 a6 26.Qa3 Bh6 27.Nb3 Qc6 28.Nc5 Bd2 29.Rd1 Bxa5
30.Qxa5 Rxd6 31.exd6 Qxd6 32.Re1 h5 33.Qd2 Kg7 34.Qb2 Re8 35.Ra1 Ra8 36.Re1 Kh7
37.Re5 Rc8 38.Qc3 a5 39.Qe3 b4 40.h3 Rc6 41.g4 hxg4 42.hxg4 b3 43.g5 b2 44.Qh3+ Kg8
45.Re1 Qf4 46.Qc3 Qg4+ 47.Qg3 Qxg3+ 48.fxg3 Ba2  0-1

[Event "Acropolis Open"]
[Site "Athens GRE"]
[Date "2008.08.11"]
[Round "3"]
[White "Graf,A"]
[Black "Rakhmanov,Ale"]
[Result "1/2-1/2"]
[WhiteElo "2621"]
[BlackElo "2489"]

1.d4 Nf6 2.c4 g6 3.Nc3 d5 4.cxd5 Nxd5 5.e4 Nxc3 6.bxc3 Bg7 7.Qa4+ Qd7 8.Bb5 c6
9.Be2 O-O 10.Nf3 c5 11.Bb5 Qg4 12.O-O cxd4 13.Ba3 Nc6 14.cxd4 Qxe4 15.Rac1 Be6
16.Rxc6 bxc6 17.Bxc6 Qf4 18.Bxe7 Rfc8 19.Bxa8 Rxa8 20.Re1 h6 21.Bh4 Qc7 22.Ne5 Qc3
23.f3 Qd2 24.a3 Rc8 25.Nc6 Bd7 26.Ne7+ Kh7 27.Qxd7 Bxd4+ 28.Qxd4 Qxd4+ 29.Bf2 Qd7
30.Nxc8 Qxc8 31.Bxa7 Qc7 32.Bf2 Qc3 33.a4 Qa3 34.Re4 f5 35.Re1 g5 36.h3 Qxa4
37.Re7+ Kg8 38.g4 fxg4 39.hxg4 Qa3 40.Re3 Qd6 41.Kg2 Kg7 42.Re4  1/2-1/2

[Event "IV RC Sport Open"]
[Site "Ceska Trebova CZE"]
[Date "2008.08.14"]
[Round "8"]
[White "Tikkanen,H"]
[Black "Novotny,M1"]
[Result "1-0"]
[WhiteElo "2417"]
[BlackElo "2282"]

1.d4 Nf6 2.c4 g6 3.Nc3 d5 4.cxd5 Nxd5 5.e4 Nxc3 6.bxc3 Bg7 7.Bc4 O-O 8.Ne2 c5
9.O-O Nc6 10.Be3 Bd7 11.Rc1 Rc8 12.f4 Bg4 13.d5 Na5 14.Bd3 c4 15.Bb1 e5 16.h3 Bxe2
17.Qxe2 b6 18.f5 Nb7 19.g4 g5 20.h4 f6 21.hxg5 fxg5 22.Kg2 h6 23.Rh1 Qf6
24.Rh5 Nd6 25.Rch1 Nf7 26.Qb2 Rc7 27.Bc2 Rb8 28.Qa3 b5 29.Qa5 Rcb7 30.a4 a6
31.axb5 axb5 32.Ra1 b4 33.cxb4 Rxb4 34.Rhh1 Rb2 35.Ra2 R2b5 36.Qc3 Nd6 37.Rha1 h5
38.gxh5 g4 39.Ra8 Qd8 40.Rxb8 Rxb8 41.h6 Qh4 42.Rh1  1-0

[Event "Petrovskaya Ladya GM2"]
[Site "Peterhof RUS"]
[Date "2008.08.14"]
[Round "4"]
[White "Duzhakov,I"]
[Black "Khuseinkhodzhaev,M"]
[Result "1-0"]
[WhiteElo "2267"]
[BlackElo "2402"]

1.d4 Nf6 2.c4 g6 3.Nc3 d5 4.cxd5 Nxd5 5.e4 Nxc3 6.bxc3 Bg7 7.Bc4 c5 8.Ne2 O-O
9.O-O Nc6 10.Be3 cxd4 11.cxd4 Na5 12.Bd3 Be6 13.Rc1 Bxa2 14.Qa4 Be6 15.d5 Bd7
16.Qb4 b6 17.Ba6 f5 18.Bg5 Rf7 19.d6 Bf8 20.Rfd1 Qe8 21.e5 exd6 22.exd6 Bc6
23.Qb2 Nb7 24.Bc4 Ba4 25.d7 Bxd7 26.Bxf7+ Qxf7 27.Rc7 Nd6 28.Bf4 Qe6 29.Qd2 Ba4
30.Bxd6 Rd8 31.Nd4 Qxd6 32.Qa2+ Kh8 33.Rxa7 Be8 34.Ra8 Bf7 35.Rxd8 Bxa2 36.Rxd6 Bxd6
37.Nxf5 Bf8 38.Rd8 Kg8 39.Nd6 Kg7 40.Rd7+ Kf6 41.Ne8+ Ke5 42.Rb7 Bc5 43.Rxh7 b5
44.Nc7 b4 45.Na6 Bd6 46.f4+ Kd5 47.Rd7 b3 48.Nb4+ Ke6 49.Rb7 Bb1 50.Nc6 Bc5+
51.Kf1 Be4 52.Nd8+ Kf6 53.Rxb3 Ke7 54.Rc3 Kd6 55.Nf7+ Kd5 56.Rxc5+ Kxc5 57.Ng5 Bd5
58.Kf2 Kd4 59.g4 Bb3 60.h4 Bd1 61.Kg3 Be2 62.Nf3+ Kd5 63.Ne5  1-0

[Event "Open"]
[Site "Ptuj SLO"]
[Date "2008.08.14"]
[Round "7"]
[White "Hiti,D"]
[Black "Kukovec,B"]
[Result "0-1"]
[WhiteElo "1804"]
[BlackElo "2228"]

1.c4 Nf6 2.d4 g6 3.Nc3 d5 4.cxd5 Nxd5 5.e4 Nxc3 6.bxc3 Bg7 7.Nf3 O-O 8.Bc4 c5
9.Be3 Bg4 10.Bd5 Nc6 11.O-O cxd4 12.cxd4 Qd7 13.Bxc6 bxc6 14.Rc1 Rac8 15.e5 Be6
16.Qc2 Bd5 17.Nd2 f6 18.f4 Qg4 19.Nb3 fxe5 20.fxe5 h5 21.Rxf8+ Rxf8 22.Rf1 Rf5
23.Rxf5 gxf5 24.h3 Qg6 25.Nc5 Kh7 26.a3 Bh6 27.Bxh6 Kxh6 28.Nd3 Qg5 29.Qc1 Qxc1+
30.Nxc1 Bc4 31.h4 Kg6 32.Kf2 f4 33.Ne2 Kf5 34.Nc3 Kg4 35.Ne4 Bd5 36.Nc5 Kxh4
37.Nd7 Kg4 38.Nf8 Kf5 39.a4 Kg5 40.Nd7 Kf5 41.Nf8 a5  0-1

[Event "WCh-Junior"]
[Site "Gaziantep TUR"]
[Date "2008.08.15"]
[Round "13"]
[White "Benidze,D"]
[Black "Tomczak,J"]
[Result "1/2-1/2"]
[WhiteElo "2389"]
[BlackElo "2451"]

1.d4 Nf6 2.c4 g6 3.Nc3 d5 4.cxd5 Nxd5 5.e4 Nxc3 6.bxc3 Bg7 7.Nf3 c5 8.Rb1 O-O
9.Be2 b6 10.O-O Bb7 11.Qd3 e6 12.Bg5 Qc7 13.Qe3 Nd7 14.e5 Rae8 15.Bb5 Bc6
16.Be2 Ba8 17.h4 f6 18.Bf4 cxd4 19.cxd4 Qb7 20.Rbc1 fxe5 21.Bxe5 Nxe5 22.dxe5 Qe4
23.Qxe4 Bxe4 24.Ng5 Bd5 25.Rc7 h6 26.Nf3 Rf7 27.Rfc1 Bf8 28.Bd3 Rxc7 29.Rxc7 Re7
30.Rc2 Bxf3 31.gxf3 g5 32.Rc6 Bg7 33.hxg5 hxg5 34.Bc4 Kf7 35.Kg2 Bxe5 36.Kf1 Kf6
37.Ke2 Bd4 38.Rc8 Bc5 39.Rf8+ Ke5 40.Rg8 Kd4 41.Bb3 Kc3 42.Rxg5 Rd7 43.f4 Rd2+
44.Kf3 Rxf2+ 45.Kg3 Re2  1/2-1/2

[Event "83rd ch-FRA National B"]
[Site "Pau FRA"]
[Date "2008.08.15"]
[Round "5"]
[White "Benitah,Y"]
[Black "Shoker,S"]
[Result "0-1"]
[WhiteElo "2416"]
[BlackElo "2365"]

1.d4 Nf6 2.c4 g6 3.Nc3 d5 4.cxd5 Nxd5 5.e4 Nxc3 6.bxc3 Bg7 7.Bc4 c5 8.Ne2 O-O
9.O-O Nc6 10.Be3 Qc7 11.Rc1 Rd8 12.h3 b6 13.Qc2 Na5 14.Bd5 Bb7 15.c4 cxd4
16.Nxd4 e6 17.Nb5 Qe7 18.Bxb7 Nxb7 19.Nxa7 Rxa7 20.Bxb6 Nc5 21.Bxa7 Qxa7
22.Rfd1 Ra8 23.Rb1 Na4 24.Rd3 Bd4 25.Rb5 Bc5 26.Qd2 Qc7 27.Qg5 Be7 28.Qg3 Qxg3
29.Rxg3 Nc5 30.Rb2 Nxe4 31.Rgb3 Ra4 32.Rc2 Bc5 33.Rf3 Bd4 34.g4 e5 35.Kg2 Ng5
36.Rb3 Ne6 37.h4 h6 38.Kf3 Ba7 39.Ke4 Nd4 40.Rc1 Nxb3 41.axb3 Rb4 42.Kxe5 Bxf2
43.h5 gxh5 44.gxh5 Rxb3 45.Rc2 Bc5 46.Kd5 Ba3 47.Kd4  0-1

[Event "Independence Cup G"]
[Site "Kyiv UKR"]
[Date "2008.08.17"]
[Round "4"]
[White "Gladyszev,O"]
[Black "Kovchan,A"]
[Result "1/2-1/2"]
[WhiteElo "2473"]
[BlackElo "2520"]

1.d4 Nf6 2.c4 g6 3.Nc3 d5 4.cxd5 Nxd5 5.e4 Nxc3 6.bxc3 Bg7 7.Nf3 c5 8.Be2 Qa5
9.Bd2 O-O 10.O-O Bg4 11.Rb1 cxd4 12.cxd4 Qxa2 13.Bg5 h6 14.Be3 Nc6 15.d5 Bxf3
16.gxf3 Nd4 17.Bxd4 Bxd4 18.Qxd4 Qxe2 19.Rxb7 Qxf3 20.Rxe7 Qg4+ 21.Kh1 Qf3+
22.Kg1 Qg4+ 23.Kh1 Qf3+  1/2-1/2

[Event "ch-FAOGBA sf"]
[Site "Ciudadela ARG"]
[Date "2008.08.18"]
[Round "3"]
[White "Bertolotti,B"]
[Black "Flores,N"]
[Result "0-1"]
[WhiteElo "1877"]
[BlackElo "1850"]

1.d4 Nf6 2.c4 g6 3.Nc3 d5 4.cxd5 Nxd5 5.e4 Nxc3 6.bxc3 Bg7 7.Bc4 O-O 8.Ne2 c5
9.Be3 cxd4 10.cxd4 Nc6 11.O-O e6 12.Rb1 Qh4 13.f3 Rd8 14.Qd2 h6 15.g3 Qe7
16.f4 Kh7 17.a4 e5 18.fxe5 Nxe5 19.Bd5 Rxd5 20.exd5 Nc4 21.d6 Qe8 22.Qc3 Nxe3
23.Rfe1 Qe4 24.Nf4 Bxd4 25.Rb4 Nc4+  0-1

[Event "Open A"]
[Site "Vladimir RUS"]
[Date "2008.08.18"]
[Round "6"]
[White "Bykov,Alexe1"]
[Black "Mikheev,S"]
[Result "1-0"]
[WhiteElo "2272"]
[BlackElo "2244"]

1.d4 Nf6 2.c4 g6 3.Nc3 d5 4.cxd5 Nxd5 5.e4 Nxc3 6.bxc3 Bg7 7.Bc4 c5 8.Ne2 Nc6
9.Be3 O-O 10.O-O Na5 11.Bd3 cxd4 12.cxd4 b6 13.Rc1 e6 14.Qd2 Bb7 15.h4 Nc6
16.Bb5 Na5 17.f3 f5 18.e5 a6 19.Bg5 Qb8 20.Bd7 Bd5 21.Nf4 Ra7 22.Bxe6+ Bxe6
23.Nxe6 Re8 24.Nxg7 Rxg7 25.Bf6 Rc7 26.h5 Nc4 27.Qh6 gxh5 28.Rxc4  1-0

[Event "5th DA Tan Malaysian Open"]
[Site "Kuala Lumpur MAS"]
[Date "2008.08.19"]
[Round "4"]
[White "Li Shilong"]
[Black "Li Chao2"]
[Result "1/2-1/2"]
[WhiteElo "2511"]
[BlackElo "2590"]

1.d4 Nf6 2.c4 g6 3.Nc3 d5 4.cxd5 Nxd5 5.e4 Nxc3 6.bxc3 Bg7 7.Be3 c5 8.Qd2 O-O
9.Rc1 Qa5 10.Nf3 Rd8 11.d5 e6 12.c4 Qxd2+ 13.Nxd2 Na6 14.f3 b6 15.Nb1 f5
16.Nc3 Re8 17.Kd2 Bb7 18.Bd3 Nb4 19.a3 Nxd3 20.Kxd3 Rad8 21.Rhe1 Ba6 22.Bg5 Rd7
23.a4 fxe4+ 24.fxe4 Rf8 25.Rf1 Re8 26.Rce1 h6 27.Bd2 Ra8 28.Rb1 Re7 29.Rbe1 Rd7
30.Rb1 Re7 31.Rbe1 Rd7  1/2-1/2

[Event "Independence Cup A"]
[Site "Kyiv UKR"]
[Date "2008.08.20"]
[Round "8"]
[White "Vdovichenko,V"]
[Black "Shmat,S"]
[Result "1/2-1/2"]
[WhiteElo "2222"]
[BlackElo "2093"]

1.d4 Nf6 2.c4 g6 3.Nc3 d5 4.cxd5 Nxd5 5.e4 Nxc3 6.bxc3 Bg7 7.Bc4 c5 8.Ne2 Nc6
9.Be3 O-O 10.O-O Bg4 11.f3 cxd4 12.cxd4 Na5 13.Bd3 Be6 14.Rc1 Bxa2 15.Qa4 Be6
16.d5 Bd7 17.Qb4 b6 18.Ba6 Be5 19.f4 Bd6 20.Qb2 b5 21.Qa2 Bc7 22.Nd4 Nc4
23.Bf2 Bxf4 24.Rxc4 bxc4 25.Bxc4 Qc7 26.g3 Bh6 27.Nf3 Rac8 28.Bb3 Bb5 29.Re1 Bc4
30.Bxc4 Qxc4 31.Qxa7 Qc7 32.Qa6 Qc4 33.Qa7 Qc7 34.Qa6 Ra8 35.Qd3 Rfc8 36.Nd4 Qc3
37.Qe2 Ra1 38.Rxa1 Qxa1+ 39.Kg2 Qc3  1/2-1/2

[Event "23rd Open"]
[Site "Schwarzach AUT"]
[Date "2008.08.22"]
[Round "7"]
[White "Smith,Ax"]
[Black "Zakharchenko,A"]
[Result "1/2-1/2"]
[WhiteElo "2427"]
[BlackElo "2271"]

1.d4 Nf6 2.c4 g6 3.Nc3 d5 4.cxd5 Nxd5 5.e4 Nxc3 6.bxc3 Bg7 7.Bc4 O-O 8.Ne2 Nc6
9.O-O Na5 10.Bd3 e6 11.Be3 b6 12.Qd2 Bb7 13.Bh6 c5 14.h4 Rc8 15.Rac1 e5 16.Bg5 Bf6
17.d5 c4 18.Bc2 Bxg5 19.hxg5 Qd6 20.g3 f6 21.gxf6 Rxf6 22.Kg2 Rcf8 23.Ng1 Bc8
24.Rce1 Nb7 25.Re3 Nc5 26.Rf3 Rxf3 27.Nxf3 Qf6 28.Ng1 g5 29.Qe2 Ba6 30.Nf3 h6
31.Nh2 Kg7 32.Ng4 Qd6 33.Ne3 Nd3 34.Nxc4 Bxc4 35.Bxd3 Bxd3 36.Qxd3 g4 37.f3 Qa3
38.fxg4 Qxa2+ 39.Kg1 Rxf1+ 40.Kxf1 Qa4 41.Qf3 a5 42.Qf5 Qc4+ 43.Kg2 Qxc3
44.Qd7+ Kf8 45.Qd8+ Kf7 46.Qd7+ Kf8 47.d6 Qc2+ 48.Kh3 Qxe4 49.Qe7+ Kg8 50.Qe6+ Kg7
51.Qd7+ Kg6 52.Qe6+ Kg7 53.Qe7+ Kg6 54.Qe6+ Kg7 55.Qe7+  1/2-1/2

[Event "U16 Olympiad"]
[Site "Mersin TUR"]
[Date "2008.08.23"]
[Round "8"]
[White "Pascua,H"]
[Black "Kilpatrick,C"]
[Result "0-1"]
[WhiteElo "2174"]
[BlackElo "2203"]

1.d4 Nf6 2.c4 g6 3.Nc3 d5 4.cxd5 Nxd5 5.e4 Nxc3 6.bxc3 Bg7 7.Nf3 c5 8.Rb1 O-O
9.Be2 Nc6 10.d5 Ne5 11.Nxe5 Bxe5 12.Qc2 Qc7 13.h3 e6 14.O-O exd5 15.exd5 Bf5
16.Bd3 Bxd3 17.Qxd3 c4 18.Qf3 b6 19.Rd1 Rad8 20.a4 Rd7 21.Ba3 Bh2+ 22.Kh1 Bd6
23.Bxd6 Rxd6 24.Rb4 Rfd8 25.Qf4 Qd7 26.Rxc4 Rxd5 27.Rxd5 Qxd5 28.Rd4 Qa8
29.Qf6 Rxd4 30.cxd4 Qd5 31.f4 Kf8 32.Kh2 h5 33.Qh8+ Ke7 34.Qb8 Qxd4 35.Qxa7+ Ke6
36.Qc7 Qd6 37.Qc4+ Qd5 38.Qb4 Qd6 39.Qc4+ Kf6 40.Qc3+ Kf5 41.g3 Qe6 42.Qb2 Ke4
43.Qd2 Kf3 44.Qg2+ Ke3 45.Qb2 Kd3 46.Qb1+ Ke2 47.Qc2+ Ke1 48.Qc1+ Ke2 49.Qc2+ Kf1
50.Qg2+ Ke1 51.Qg1+ Ke2 52.Qb1 Qe3 53.Qc2+ Kf1 54.Qg2+ Ke1 55.Qh1+ Ke2 56.h4 Qf2+
57.Kh3 Qf1+ 58.Qxf1+ Kxf1 59.g4 f5 60.gxh5 gxh5 61.Kg3 Ke2  0-1

[Event "Leicester Group A"]
[Site "Littlethorpe ENG"]
[Date "2008.08.24"]
[Round "3"]
[White "Gibson,Ch"]
[Black "Clarke,B"]
[Result "0-1"]
[WhiteElo "2003"]
[BlackElo "1911"]

1.d4 Nf6 2.c4 g6 3.Nc3 d5 4.cxd5 Nxd5 5.e4 Nxc3 6.bxc3 Bg7 7.Nf3 O-O 8.Rb1 c5
9.Be2 Qa5 10.Bd2 cxd4 11.cxd4 Qxa2 12.O-O Nc6 13.Ra1 Qb2 14.Rb1 Qa2 15.d5 Nd8
16.Qc1 a6 17.Bc4 Qa4 18.Rb4 Qd7 19.Bh6 b5 20.Bxg7 Kxg7 21.Ba2 Bb7 22.Qb2+ f6
23.Rd1 Nc6 24.Rb3 Qd6 25.Ng5 Bc8 26.Rc1 Ne5 27.Rbc3 Bd7 28.f4 Ng4 29.Rh3 h6
30.Ne6+ Bxe6 31.dxe6 Qxf4 32.Rf1 Qxe4 33.Bb1 Qxe6 34.Qc2 f5 35.Rh4 Rac8 36.Qd2 Qe3+  0-1

[Event "U16 Olympiad"]
[Site "Mersin TUR"]
[Date "2008.08.24"]
[Round "10"]
[White "Shimanov,A"]
[Black "Safarli,E"]
[Result "1/2-1/2"]
[WhiteElo "2480"]
[BlackElo "2527"]

1.d4 Nf6 2.c4 g6 3.Nc3 d5 4.cxd5 Nxd5 5.e4 Nxc3 6.bxc3 Bg7 7.Nf3 O-O 8.Be2 c5
9.O-O b6 10.Bg5 Bb7 11.Qd3 Nd7 12.Rad1 cxd4 13.cxd4 Re8 14.Qe3 Rc8 15.Rc1 a6
16.Rxc8 Qxc8 17.Rc1 Qa8 18.Rc7 Nf6 19.d5 Bxd5 20.exd5 Nxd5 21.Qc1 Nxc7 22.Qxc7 b5
23.h4 Qd5 24.Qa5 Qc6 25.Qa3 e5 26.Be3 h6 27.Nd2 f5 28.Bf3 e4 29.Be2 Kh7 30.Nb3 Be5
31.g3 Qd6 32.Qc1 Bxg3 33.fxg3 Qxg3+ 34.Kf1 Qh3+ 35.Kg1 Qg3+ 36.Kf1 Qxh4 37.Qc7+ Re7
38.Qd8 f4 39.Bd4 Qh1+ 40.Bg1 Rg7 41.Qd4 f3 42.Bd1 Rf7 43.Kf2 Re7 44.Qe3 g5
45.Ke1 g4 46.Bc2 Kg8 47.Kd2 Qg2+ 48.Kc3 b4+ 49.Kb2 g3 50.Nd2 f2  1/2-1/2

[Event "8th Open"]
[Site "Velika Gorica CRO"]
[Date "2008.08.24"]
[Round "3"]
[White "Djodj,G"]
[Black "Kinez,I"]
[Result "1/2-1/2"]
[WhiteElo "1962"]
[BlackElo "2125"]

1.d4 Nf6 2.c4 g6 3.Nc3 d5 4.cxd5 Nxd5 5.e4 Nxc3 6.bxc3 Bg7 7.Nf3 O-O 8.Be2 c5
9.Rb1 e6 10.O-O Qc7 11.Be3 Rd8 12.Qc1 cxd4 13.cxd4 Nc6 14.Rd1 Qe7 15.Rb3 f6
16.Bc4 a6 17.Rc3 Kh8 18.d5 exd5 19.Bxd5 Bd7 20.Nd4 Rac8 21.Nxc6 Bxc6 22.Bxc6 Rxc6
23.Rxd8+ Qxd8 24.Rxc6 bxc6 25.g3 Qe8 26.Qc4 h5 27.a4 Qc8 28.Qf7 Kh7 29.f4 Qg4
30.Qc4 h4 31.Kg2 f5 32.e5 Bxe5 33.Qxc6 Qe2+ 34.Bf2 hxg3 35.hxg3 Bg7 36.Qd5 Kh6
37.Qf3 Qa2 38.Qd1 Bf6 39.Qd6 Qb2 40.Qxa6 Bd4 41.Qf1 Qa2 42.Kg1 Qxa4 43.Qh3+ Kg7
44.Bxd4+ Qxd4+ 45.Kg2 Qe3 46.Kf1 Qf3+ 47.Kg1 Qe2 48.Qg2 Qd1+ 49.Kh2 Qh5+
50.Kg1 Kh6 51.Kf2 Qd1 52.Qh3+ Kg7 53.Ke3 Qe1+  1/2-1/2

[Event "ch-POR"]
[Site "Almada POR"]
[Date "2008.08.27"]
[Round "1"]
[White "Dias,P"]
[Black "Pereira,Rub"]
[Result "1/2-1/2"]
[WhiteElo "2440"]
[BlackElo "2418"]

1.d4 Nf6 2.c4 g6 3.Nc3 d5 4.cxd5 Nxd5 5.e4 Nxc3 6.bxc3 Bg7 7.Bc4 c5 8.Ne2 O-O
9.O-O Nc6 10.Be3 Qc7 11.Rc1 Rd8 12.Bf4 Qd7 13.dxc5 Na5 14.Bd5 e6 15.Bb3 e5
16.Bg5 Nxb3 17.Qxb3 Re8 18.Be3 Qc6 19.Qb4 Bf8 20.c4 Qxe4 21.Nc3 Qc6 22.Nd5 Bf5
23.Rfd1 Rac8 24.Qa5 a6 25.Rd2 Kg7 26.Nb6 Rc7 27.Nd5 Rcc8 28.Nb6 Rc7  1/2-1/2

[Event "8th Open"]
[Site "Velika Gorica CRO"]
[Date "2008.08.27"]
[Round "6"]
[White "Bartakovic,T"]
[Black "Djodj,G"]
[Result "1-0"]
[WhiteElo "2058"]
[BlackElo "1962"]

1.c4 Nf6 2.d4 g6 3.Nc3 d5 4.cxd5 Nxd5 5.e4 Nxc3 6.bxc3 Bg7 7.Qa4+ c6 8.Nf3 O-O
9.Be2 Bg4 10.O-O Nd7 11.Bg5 Nf6 12.Qc2 Re8 13.Rfd1 Qa5 14.e5 Nd5 15.Bd2 Qd8
16.h3 Bf5 17.Qb3 Qc8 18.c4 Nc7 19.Rac1 Be6 20.Qb2 f6 21.Bf4 g5 22.Bg3 g4
23.hxg4 Bxg4 24.d5 f5 25.Qd2 Na6 26.Ng5 Nc5 27.Bxg4 fxg4 28.Qc2 h6 29.Qh7+ Kf8
30.e6 hxg5 31.Be5 Bf6 32.Qf7+  1-0

[Event "44th Rubinstein Mem Open A"]
[Site "Polanica Zdroj POL"]
[Date "2008.08.28"]
[Round "10"]
[White "Jaroch,P"]
[Black "Toma,K"]
[Result "1-0"]
[WhiteElo "2255"]
[BlackElo "2212"]

1.d4 Nf6 2.c4 g6 3.Nc3 d5 4.cxd5 Nxd5 5.e4 Nxc3 6.bxc3 Bg7 7.Bc4 c5 8.Ne2 Nc6
9.Be3 O-O 10.O-O Qc7 11.Rb1 Rd8 12.Qa4 Bd7 13.Qa3 Na5 14.Bd3 e5 15.Rfd1 Bf8
16.Qb2 Rac8 17.Bg5 Re8 18.Qd2 Bg7 19.Be3 Ba4 20.Rdc1 Qd8 21.Qb2 Bd7 22.f3 exd4
23.cxd4 c4 24.Bc2 c3 25.Qa1 Nc4 26.Qxc3 b5 27.Bd2 a5 28.Qd3 b4 29.Bb3 Na3
30.Rxc8 Bxc8 31.Rc1 Qb6 32.Be3 Ba6 33.Qd2 Qb5 34.Kf2 a4 35.Bd5 Qb8 36.Bf4 Qb6
37.Be3 Bxe2 38.Kxe2 Nb5 39.Rc5 Nc3+ 40.Kf2 Nxd5 41.Rxd5 b3 42.axb3 axb3 43.Qa5 Qxa5
44.Rxa5 Rb8 45.Ra1 Rc8 46.Ke2 Bf8 47.Rb1 Rb8 48.Bc1 Rc8 49.Kd3 h5 50.Bd2 Rb8
51.Bc3 Ba3 52.Bb2 Be7 53.Kc4 Rb4+ 54.Kc3 Rb8 55.Bc1 Bb4+ 56.Kc4 Be7 57.Bd2 b2
58.Bc3 Ba3 59.Kd3 f6 60.Kc2 Rc8 61.Kb3 Be7 62.h3 Rb8+ 63.Kc2  1-0

[Event "Okie Masters"]
[Site "Tulsa USA"]
[Date "2008.08.30"]
[Round "1"]
[White "Holt,C"]
[Black "Movsisyan,M"]
[Result "1/2-1/2"]
[WhiteElo "2219"]
[BlackElo "2247"]

1.d4 Nf6 2.c4 g6 3.Nc3 d5 4.cxd5 Nxd5 5.e4 Nxc3 6.bxc3 Bg7 7.Bg5 c5 8.Rc1 cxd4
9.cxd4 O-O 10.Nf3 Bg4 11.d5 h6 12.Bh4 Qd6 13.Bc4 Qf4 14.Bxe7 Re8 15.Bc5 Rxe4+
16.Be3 Bd4 17.Qxd4 Bxf3 18.Bf1 Rxd4 19.Bxf4 Bg4 20.Bxh6 Rxd5 21.Be2 Bxe2
22.Kxe2 Nc6 23.Rhd1 Rad8 24.Be3 Nd4+  1/2-1/2

[Event "8th Open"]
[Site "Velika Gorica CRO"]
[Date "2008.08.30"]
[Round "9"]
[White "Gujic,V"]
[Black "Kinez,I"]
[Result "1-0"]
[WhiteElo "2004"]
[BlackElo "2125"]

1.d4 Nf6 2.c4 g6 3.Nc3 d5 4.cxd5 Nxd5 5.e4 Nxc3 6.bxc3 Bg7 7.Be3 c5 8.Qd2 O-O
9.Nf3 Qa5 10.Rc1 Rd8 11.d5 e6 12.c4 Qa3 13.Be2 Nc6 14.O-O b6 15.Bd3 Nb4 16.Bb1 Ba6
17.Bg5 Rd7 18.Qf4 exd5 19.Ne5 Rb7 20.Bf6 Bxc4 21.Bxg7 Kxg7 22.Ng4 f5 23.Qe5+ Kf8
24.Qh8+ Ke7 25.Qxa8 Rc7 26.exf5 Bxf1 27.Re1+ Kd6 28.Re6+  1-0

[Event "8th Open"]
[Site "Velika Gorica CRO"]
[Date "2008.08.30"]
[Round "9"]
[White "Ivic,Ma"]
[Black "Rozic,M"]
[Result "1-0"]
[WhiteElo "2282"]
[BlackElo "2090"]

1.d4 Nf6 2.c4 g6 3.Nc3 d5 4.cxd5 Nxd5 5.e4 Nxc3 6.bxc3 Bg7 7.Bc4 c5 8.Ne2 Nc6
9.Be3 cxd4 10.cxd4 Qa5+ 11.Kf1 O-O 12.h4 Qb4 13.Rc1 Rd8 14.h5 Ne5 15.Bd5 Ng4
16.Bd2 Qd6 17.hxg6 hxg6 18.Bf4 e5 19.Bg5 Re8 20.Qb3 Be6 21.Bxe6 Qxe6 22.d5 Qd7
23.f3 Nf6 24.Qe3 Rec8 25.Kf2 Rxc1 26.Rxc1 Ne8 27.Qc3 f6 28.Be3 f5 29.Qb3 Nd6
30.Nc3 fxe4 31.Nxe4 Rd8 32.Bxa7 Nxe4+ 33.fxe4 Rf8+ 34.Kg1 Qg4 35.d6+ Kh8
36.Rc3 Bh6 37.Rh3 Qf4 38.Be3 Qf1+ 39.Kh2 Rf4 40.d7  1-0

[Event "6th Master Open"]
[Site "Amantea ITA"]
[Date "2008.08.31"]
[Round "1"]
[White "Estremera Panos,S"]
[Black "Procacci,S"]
[Result "1-0"]
[WhiteElo "2394"]
[BlackElo "2006"]

1.d4 Nf6 2.c4 g6 3.Nc3 d5 4.cxd5 Nxd5 5.e4 Nxc3 6.bxc3 Bg7 7.Nf3 O-O 8.Be2 c5
9.O-O Nc6 10.Be3 Qa5 11.Qb3 a6 12.d5 Nd8 13.Rac1 Bd7 14.c4 Qc7 15.a4 Rc8
16.Qa3 f5 17.e5 Bxe5 18.Nxe5 Qxe5 19.Rfe1 Qd6 20.f4 Re8 21.Bf3 e5 22.fxe5 Rxe5
23.Bd2 Nf7 24.Bc3 Rxe1+ 25.Rxe1 Re8 26.Rxe8+ Bxe8 27.Bb2 Kf8 28.a5 g5 29.Bh5 Ke7
30.Qe3+ Kd7 31.Bxf7 Bxf7 32.Qxg5 Bg6 33.Qe3 f4 34.Qh3+ Kd8 35.Qh4+ Kd7 36.Qg4+ Ke8
37.h3 Bd3 38.Qh5+ Bg6 39.Qg5 f3 40.Qe3+ Qe7 41.Qxf3 Qe4 42.Qf6 Qe7 43.Qf4 Kd7
44.Be5 Kc8 45.Kh2 Qe8 46.Bd6 Qf7 47.Qe3  1-0

[Event "Open A"]
[Site "Graz SUI"]
[Date "2008.09.01"]
[Round "3"]
[White "Pilaj,H"]
[Black "Zakharchenko,A"]
[Result "1/2-1/2"]
[WhiteElo "2389"]
[BlackElo "2271"]

1.d4 Nf6 2.c4 g6 3.Nc3 d5 4.cxd5 Nxd5 5.e4 Nxc3 6.bxc3 Bg7 7.Bc4 O-O 8.Ne2 Nc6
9.O-O Na5 10.Bd3 b6 11.Bg5 c5 12.Rc1 Qd7 13.Qd2 Bb7 14.Bh6 e5 15.Bxg7 Kxg7
16.f4 exf4 17.Rxf4 Qe7 18.Rcf1 Rad8 19.d5 Bc8 20.c4 Qe5 21.Kh1 Nb7 22.Ng1 f6
23.Nf3 Qe7 24.Qc3 Kg8 25.Nd2 Kg7  1/2-1/2

[Event "Masters"]
[Site "Trieste ITA"]
[Date "2008.09.01"]
[Round "3"]
[White "Erdos,V"]
[Black "Degtiarev,E"]
[Result "1-0"]
[WhiteElo "2576"]
[BlackElo "2367"]

1.d4 Nf6 2.c4 g6 3.Nc3 d5 4.cxd5 Nxd5 5.e4 Nxc3 6.bxc3 Bg7 7.Bc4 O-O 8.Ne2 Nc6
9.O-O e5 10.Ba3 Re8 11.Bxf7+ Kxf7 12.Qb3+ Be6 13.d5 Na5 14.dxe6+ Rxe6 15.Qa4 c6
16.Rad1 Qc7 17.c4 Kg8 18.Bb2 b6 19.Nc1 c5 20.Rd5 Qc6 21.Qc2 Qe8 22.Nd3 Nc6
23.Re1 g5 24.Qd1 Qg6 25.Qg4 Rae8 26.h4 gxh4 27.Qxh4 Qh6 28.Qxh6 Bxh6 29.Bc3 Bg7
30.g3 a5 31.a3 Nd4 32.Kg2 a4 33.Rb1 Bf8 34.Rd7 Nc2 35.Rc1 Nxa3 36.Nb2 b5
37.cxb5 Nxb5 38.Nxa4 Ra6 39.Nb2 Ra3 40.Bd2 Nd6 41.Nc4 Ra6 42.Kf3 Nf7 43.Rh1 Re7
44.Rd5 Ra4 45.Rc1 Re6 46.Be3 Rf6+ 47.Kg2 Nd6 48.Nb6 Ra7 49.Rxe5 Nf7 50.Re8 Nd6
51.Rd8 Nxe4 52.Nd7 Rf7 53.Rd1 Kg7 54.Nxf8 Rxf8 55.Bh6+ Kxh6 56.Rxf8 Rc7 57.Rf4  1-0

[Event "ch-ISL"]
[Site "Reykjavik ISL"]
[Date "2008.09.02"]
[Round "7"]
[White "Stefansson,H"]
[Black "Olafsson,Thorv"]
[Result "1-0"]
[WhiteElo "2566"]
[BlackElo "2177"]

1.d4 Nf6 2.c4 g6 3.Nc3 d5 4.cxd5 Nxd5 5.e4 Nxc3 6.bxc3 Bg7 7.Qa4+ Qd7 8.Qb3 O-O
9.Nf3 c5 10.Be3 cxd4 11.cxd4 Nc6 12.Rd1 Qd6 13.Be2 Bg4 14.d5 Qb4+ 15.Nd2 Bxe2
16.Kxe2 Nd4+ 17.Bxd4 Qxd4 18.Rhe1 Qb6 19.f4 Rfc8 20.e5 Qd4 21.g3 Rc3 22.Qxb7 Re3+
23.Kf1 Rxe1+ 24.Rxe1 Rd8 25.Nb3 Qd3+ 26.Kf2 Rxd5 27.Qxa7 e6 28.Rc1 Bf8 29.Qe3 Qa6
30.Qe2 Qb7 31.Rc2 Be7 32.Qf3 Bd8 33.Kg2 Bb6 34.Nd2 Qa6 35.Ne4 Bd8 36.h4 h5
37.Qc3 Rd1 38.Qc4 Qa7 39.Nf2 Rd5 40.Qe2 Qb7 41.Kh2 Kg7 42.Rd2 Rxd2 43.Qxd2 Qf3
44.Nh3 Bb6 45.Ng5 Qf1 46.Qg2 Qa1 47.Nxf7 Kxf7 48.Qb7+ Kg8 49.Qxb6 Qxa2+ 50.Kg1 Qd5
51.Qe3 Qd1+ 52.Kf2 Qd5 53.Qc3 Qa2+ 54.Ke3 Kg7 55.Qc7+ Kh6 56.Qb8 Qa3+ 57.Kd4 Kh7
58.Qd6 Qxg3 59.Qe7+ Kh8 60.Qg5 Qf2+ 61.Kc4 Qc2+ 62.Kb5 Qc8 63.Qh6+  1-0

[Event "6th Master Open"]
[Site "Amantea ITA"]
[Date "2008.09.03"]
[Round "4"]
[White "Naumkin,I"]
[Black "Procacci,S"]
[Result "1-0"]
[WhiteElo "2502"]
[BlackElo "2006"]

1.d4 Nf6 2.c4 g6 3.Nc3 d5 4.cxd5 Nxd5 5.e4 Nxc3 6.bxc3 Bg7 7.Bc4 c5 8.Ne2 O-O
9.O-O Nc6 10.Be3 Na5 11.Bd3 c4 12.Bc2 Qc7 13.Qd2 Rd8 14.Bh6 Nc6 15.Bxg7 Kxg7
16.f4 Bg4 17.Ng3 Qa5 18.Qe3 b5 19.f5 Qa3 20.Rae1 Nxd4 21.cxd4 Qxe3+ 22.Rxe3 Rxd4
23.h3 Bh5 24.e5 Rad8 25.f6+ exf6 26.Nxh5+ gxh5 27.Rg3+ Kf8 28.exf6 Ke8 29.Bf5 Kf8
30.Bxh7 Ke8 31.Bf5 Kf8 32.Rg5 Rd1 33.Rxh5 Rxf1+ 34.Kxf1 Kg8 35.Bh7+ Kh8 36.Bc2+ Kg8
37.Rxb5  1-0